Derecho procesal penal
Guardat en:
| Autor principal: | |
|---|---|
| Format: | Llibre |
| Idioma: | espanyol |
| Publicat: |
Buenos Aires
Del Puerto
1996
|
| Edició: | 2a. ed |
| Matèries: | |
| Etiquetes: |
Afegir etiqueta
Sense etiquetes, Sigues el primer a etiquetar aquest registre!
|
MARC
| LEADER | 00000cam a2200000 a 4500 | ||
|---|---|---|---|
| 001 | UCK2952 | ||
| 003 | CL-VaPUC | ||
| 008 | 050401e19960000AG |||||||||||||||||spa|d | ||
| 020 | |a 9879943783 | ||
| 020 | |a 9879943791v.1 | ||
| 020 | |a 987912054Xv.2 | ||
| 082 | 0 | 4 | |a 345.05 |b MAI |2 21 |
| 100 | |a Maier, Julio Bernardo José |e autor |9 620505 | ||
| 245 | 1 | 0 | |a Derecho procesal penal |
| 250 | |a 2a. ed | ||
| 300 | |a v | ||
| 942 | |c BK | ||
| 945 | |d 20050401 00:00:00 |a cmena | ||
| 260 | |a Buenos Aires |b Del Puerto |c 1996 | ||
| 500 | |a v.1: Fundamentos | ||
| 500 | |a v.2: Parte general. Sujetos procesales | ||
| 650 | 0 | |a Procedimiento penal |9 254974 | |
| 650 | 0 | |a Derecho procesal penal |9 256392 | |
| 650 | 0 | |a Filosofía del derecho |9 255050 | |
| 650 | 0 | |a Delitos |9 224143 | |
| 583 | |a last modification |c 20120620 08:52:54 |k Rodrigo Vera | ||
| 999 | |c 312341 |d 312339 | ||
| 952 | |0 0 |1 0 |4 0 |6 345_050000000000000_MAI_1996 |7 0 |8 A |9 382448 |a BIBDER |b BIBDER |d 2019-11-21 |h v.1 |i 439240K |l 7 |o 345.05 MAI 1996 |p 439240K |r 2024-07-31 |s 2024-07-31 |w 2019-11-21 |y BK |k DER | ||
| 952 | |0 0 |1 0 |4 0 |6 345_050000000000000_MAI_1996 |7 0 |8 A |9 382449 |a BIBDER |b BIBDER |d 2019-11-21 |h v.2 |i 4392418 |l 3 |m 1 |o 345.05 MAI 1996 |p 4392418 |r 2022-08-25 |s 2022-08-25 |w 2019-11-21 |y BK |k DER | ||
| 952 | |0 0 |1 0 |4 0 |6 345_050000000000000_MAI_1996 |7 0 |8 A |9 382450 |a BIBDER |b BIBDER |d 2019-11-21 |h v.3 |i 4857275 |l 5 |m 3 |o 345.05 MAI 1996 |p 4857275 |r 2021-10-25 |s 2021-10-19 |w 2019-11-21 |y BK |k DER | ||